[Event "Cappelle-la-Grande"]
[Site "Cappelle-la-Grande (FRA)"]
[Date "2013.02.23"]
[Round "1.150"]
[White "Koscielny, Edmond"]
[Black "Shalnyeva, Olga"]
[Result "1/2-1/2"]
[WhiteElo "1876"]
[BlackElo "2067"]
[PlyCount "40"]
[EventDate "2013.??.??"]

1. f4 d5 2. Nf3 g6 3. e3 Bg7 4. Be2 Nf6 5. O-O O-O 6. d3 c5 7. a4 Nc6 8. Qe1 b6
9. Qh4 e6 10. Ne5 Nxe5 11. fxe5 Nd7 12. Qxd8 Rxd8 13. d4 f6 14. exf6 Nxf6 15.
Nd2 Bd7 16. Nf3 Ne4 17. Bd3 Nd6 18. c3 Rf8 19. Bd2 c4 20. Bc2 Rae8 1/2-1/2

[Event "Cappelle-la-Grande"]
[Site "Cappelle-la-Grande (FRA)"]
[Date "2013.02.23"]
[Round "1.152"]
[White "Lebel-Arias, Julia"]
[Black "Hoffmann, Roger"]
[Result "0-1"]
[WhiteElo "1874"]
[BlackElo "2062"]
[PlyCount "86"]
[EventDate "2013.??.??"]

1. f4 e5 2. fxe5 Nc6 3. Nf3 d6 4. Nc3 dxe5 5. g3 Be6 6. Bg2 Qd7 7. Ng5 Bg4 8.
O-O f6 9. Nf3 O-O-O 10. e3 h5 11. Rf2 h4 12. gxh4 Rxh4 13. Qf1 Bxf3 14. Bxf3
Nge7 15. a3 f5 16. Rg2 e4 17. Be2 Ne5 18. Qf2 Rh6 19. Rg5 Rg6 20. Rxg6 N7xg6
21. Bh5 Bd6 22. d3 Rh8 23. Qe2 Nf3+ 24. Bxf3 exf3 25. Qxf3 Bxh2+ 26. Kf1 Bd6
27. Bd2 Ne5 28. Qg2 Ng4 29. Ne2 Rh2 30. Qd5 Nf6 31. Qf3 g5 32. e4 f4 33. d4 g4
34. Qd3 Rh3 35. Qc4 b5 36. Qa2 Nxe4 37. Qg8+ Kb7 38. Qd5+ Qc6 39. Qxc6+ Kxc6
40. d5+ Kd7 41. Bb4 f3 42. Ng1 Rh2 43. Bxd6 Kxd6 0-1

[Event "Cappelle-la-Grande"]
[Site "Cappelle-la-Grande (FRA)"]
[Date "2013.02.23"]
[Round "1.153"]
[White "Pieri, Pierre-Louis"]
[Black "Babo, Miguel"]
[Result "1-0"]
[WhiteElo "2062"]
[BlackElo "1874"]
[PlyCount "83"]
[EventDate "2013.??.??"]

1. e4 d5 2. exd5 Qxd5 3. Nc3 Qa5 4. Bc4 Nf6 5. d3 Bg4 6. f3 Bf5 7. g4 Bg6 8.
Bd2 e6 9. Nd5 Qc5 10. Bb4 Qc6 11. Bb5 Bxb4+ 12. c3 Nxd5 13. Bxc6+ Nxc6 14. cxb4
Ncxb4 15. Qd2 Nxd3+ 16. Kf1 N3f4 17. Kf2 O-O-O 18. Ne2 Nd3+ 19. Kg3 h5 20. h3
Nf6 21. Rad1 hxg4 22. hxg4 Rxh1 23. Rxh1 Nf2 24. Qxd8+ Kxd8 25. Kxf2 c6 26. Nf4
Bc2 27. g5 Nd5 28. Rh8+ Kc7 29. Rf8 Kb6 30. Rxf7 Nxf4 31. Rxf4 g6 32. Ke3 Bf5
33. Rxf5 exf5 34. Kd4 c5+ 35. Ke5 Ka5 36. Kf6 b5 37. Kxg6 c4 38. Kxf5 b4 39.
Ke4 Ka4 40. Kd4 a5 41. Kxc4 b3 42. axb3# 1-0

[Event "Cappelle-la-Grande"]
[Site "Cappelle-la-Grande (FRA)"]
[Date "2013.02.23"]
[Round "1.154"]
[White "Freialdenhoven, Manfred"]
[Black "Kooshani, Mahbuboollah"]
[Result "0-1"]
[WhiteElo "1871"]
[BlackElo "2060"]
[PlyCount "50"]
[EventDate "2013.??.??"]

1. e4 c6 2. d4 d5 3. e5 Bf5 4. Nc3 e6 5. g4 Bg6 6. Nge2 c5 7. h4 h6 8. Nf4 Bh7
9. Bd3 Bxd3 10. Qxd3 cxd4 11. Nb5 Nc6 12. Nxd4 Nxe5 13. Qe2 Nc6 14. Nf3 Nf6 15.
g5 hxg5 16. Nxg5 e5 17. Bd2 Be7 18. Nd3 Nd4 19. Qd1 Ne4 20. Nxe5 Bxg5 21. Bxg5
Qa5+ 22. c3 Nxc3 23. bxc3 Qxc3+ 24. Bd2 Nc2+ 25. Kf1 Qxa1 0-1

[Event "Cappelle-la-Grande"]
[Site "Cappelle-la-Grande (FRA)"]
[Date "2013.02.23"]
[Round "1.156"]
[White "De Hooghe, Albert"]
[Black "Neuhauser, Salome"]
[Result "1/2-1/2"]
[WhiteElo "1870"]
[BlackElo "2051"]
[PlyCount "88"]
[EventDate "2013.??.??"]

1. d4 Nf6 2. Bg5 c5 3. c3 cxd4 4. Bxf6 gxf6 5. cxd4 Nc6 6. Nf3 Bg7 7. Nc3 f5 8.
e3 Qb6 9. Rb1 f4 10. Bc4 Qb4 11. Qd3 Na5 12. b3 fxe3 13. fxe3 Nxc4 14. bxc4 Qd6
15. Nb5 Qb6 16. O-O O-O 17. c5 Qh6 18. Nc7 Rb8 19. Nd5 e6 20. Ne7+ Kh8 21. h4
f5 22. e4 fxe4 23. Qxe4 Qf4 24. Qd3 Qg3 25. Nxc8 Rfxc8 26. Qe4 Qg6 27. Qxg6
hxg6 28. Ne5 Bxe5 29. dxe5 Rxc5 30. Rf7 Rd5 31. Rc1 a5 32. Rc7 Rd8 33. Rxb7
Rxe5 34. Rfxd7 Rxd7 35. Rxd7 Re2 36. Re7 Kg8 37. Kf1 Re4 38. g3 Kf8 39. Ra7 Ra4
40. Kf2 Rxa2+ 41. Kf3 Ra4 42. Ke3 e5 43. Kf3 Ra1 44. Ke4 Re1+ 1/2-1/2

[Event "Cappelle-la-Grande"]
[Site "Cappelle-la-Grande (FRA)"]
[Date "2013.02.23"]
[Round "1.159"]
[White "Landuyt, Eric"]
[Black "Delaruelle, Christian"]
[Result "0-1"]
[WhiteElo "2041"]
[BlackElo "1864"]
[PlyCount "66"]
[EventDate "2013.??.??"]

1. e4 e5 2. Nf3 Nc6 3. Bc4 Nf6 4. d3 Bc5 5. c3 O-O 6. Bg5 d6 7. Nbd2 Be6 8. O-O
Qe7 9. b4 Bb6 10. a4 a6 11. Qb3 h6 12. Be3 Bxe3 13. fxe3 b5 14. Bxe6 fxe6 15.
d4 bxa4 16. Qxa4 Qd7 17. Qc2 d5 18. dxe5 Ng4 19. Qd3 Ncxe5 20. Nxe5 Rxf1+ 21.
Rxf1 Nxe5 22. Qc2 a5 23. Nb3 axb4 24. Nc5 Qc6 25. cxb4 Nc4 26. Qf2 Ne5 27. Qf4
Qd6 28. h3 Rb8 29. exd5 exd5 30. Qd4 Nc6 31. Qc3 Rxb4 32. Ra1 Rc4 33. Ra8+ Kf7
0-1

[Event "Cappelle-la-Grande"]
[Site "Cappelle-la-Grande (FRA)"]
[Date "2013.02.23"]
[Round "1.163"]
[White "Czyz, Artur"]
[Black "Blezel, Eric"]
[Result "1-0"]
[WhiteElo "2029"]
[BlackElo "1844"]
[PlyCount "63"]
[EventDate "2013.??.??"]

1. e4 e5 2. Nf3 Nc6 3. Bb5 a6 4. Ba4 Nf6 5. Qe2 d6 6. c3 Be7 7. O-O O-O 8. Rd1
b5 9. Bc2 Bg4 10. h3 Bh5 11. g4 Bg6 12. d3 h6 13. Nbd2 Nh7 14. Nf1 h5 15. Ng3
hxg4 16. hxg4 Bg5 17. Kg2 Bxc1 18. Raxc1 Ng5 19. Rh1 Nxf3 20. Qxf3 Qg5 21. Nf5
f6 22. Qh3 Kf7 23. Bb3+ Ke8 24. Nxg7+ Ke7 25. Ne6 Qxc1 26. Rxc1 Rh8 27. Qf3
Rag8 28. Nxc7 Rg7 29. Nd5+ Kd7 30. Qxf6 Bxe4+ 31. dxe4 Rxg4+ 32. Kf3 1-0

[Event "Cappelle-la-Grande"]
[Site "Cappelle-la-Grande (FRA)"]
[Date "2013.02.23"]
[Round "1.165"]
[White "Micottis, Dorian"]
[Black "Marechal, Georges"]
[Result "1-0"]
[WhiteElo "2029"]
[BlackElo "1841"]
[PlyCount "43"]
[EventDate "2013.??.??"]

1. e4 c6 2. d4 d5 3. Nc3 dxe4 4. Nxe4 Bf5 5. Ng3 Bg6 6. h4 h6 7. Nh3 e6 8. Nf4
Bh7 9. Bc4 Nf6 10. O-O Bd6 11. Re1 Bxf4 12. Bxf4 O-O 13. c3 Nd5 14. Bxd5 cxd5
15. Qg4 Qf6 16. h5 Nd7 17. Re3 g5 18. hxg6 fxg6 19. Bxh6 Qxf2+ 20. Kh2 Rf5 21.
Nxf5 exf5 22. Qg5 1-0

[Event "Cappelle-la-Grande"]
[Site "Cappelle-la-Grande (FRA)"]
[Date "2013.02.23"]
[Round "1.166"]
[White "Molin, Laurent"]
[Black "Feys, Bert"]
[Result "0-1"]
[WhiteElo "1838"]
[BlackElo "2025"]
[PlyCount "50"]
[EventDate "2013.??.??"]

1. e4 e6 2. Nf3 d5 3. exd5 exd5 4. d4 Bg4 5. c3 Bd6 6. Bd3 Qf6 7. Be3 Bxf3 8.
gxf3 Nc6 9. Nd2 Nge7 10. h4 h6 11. Qb3 O-O-O 12. Qc2 Ng6 13. Bf5+ Kb8 14. h5
Nh4 15. Bg4 Ng2+ 16. Kd1 Rhe8 17. Qd3 Qe7 18. Nf1 Na5 19. b3 Bf4 20. Kd2 c5 21.
Qe2 cxd4 22. cxd4 Qa3 23. Qd1 Qb2+ 24. Kd3 Bxe3 25. fxe3 Rxe3+ 0-1

[Event "Cappelle-la-Grande"]
[Site "Cappelle-la-Grande (FRA)"]
[Date "2013.02.23"]
[Round "1.179"]
[White "Kobayashi, Atsuhiko"]
[Black "Truong, Hubert"]
[Result "1-0"]
[WhiteElo "1997"]
[BlackElo "1815"]
[PlyCount "37"]
[EventDate "2013.??.??"]

1. g3 d5 2. f4 Nf6 3. Nf3 g6 4. Bg2 Bg7 5. O-O O-O 6. d3 Nc6 7. Qe1 Re8 8. e4
dxe4 9. dxe4 e5 10. Nc3 Nd4 11. fxe5 Nxf3+ 12. Rxf3 Qd4+ 13. Kh1 Qxe5 14. Bf4
Qa5 15. Qf1 c6 16. Bd6 Nxe4 17. Nxe4 Rxe4 18. Rxf7 Rd4 19. Rf8+ 1-0

[Event "Cappelle-la-Grande"]
[Site "Cappelle-la-Grande (FRA)"]
[Date "2013.02.23"]
[Round "1.184"]
[White "Paulicka, Ivan"]
[Black "Renard, Stephane"]
[Result "0-1"]
[WhiteElo "1806"]
[BlackElo "1979"]
[PlyCount "132"]
[EventDate "2013.??.??"]

1. d4 f5 2. Bg5 h6 3. Bh4 g5 4. Bg3 Bg7 5. e3 Nf6 6. Bd3 d6 7. Nc3 Nc6 8. a3 e5
9. dxe5 dxe5 10. h4 Be6 11. hxg5 hxg5 12. Rxh8+ Bxh8 13. Bb5 Qd6 14. Qxd6 cxd6
15. O-O-O Ke7 16. Nf3 Rg8 17. Rh1 f4 18. Bh2 g4 19. Nd2 g3 20. fxg3 fxe3 21.
Nf1 Ng4 22. Bg1 Nd4 23. Rh7+ Rg7 24. Rxh8 Nxb5 25. Ne2 Nd4 26. Kd1 Bc4 27. Nxe3
Nxe3+ 28. Bxe3 Bxe2+ 29. Kd2 Bf1 30. Rc8 Kd7 31. Rf8 Bxg2 32. Bxd4 exd4 33. Rf4
Rxg3 34. Rxd4 Rg5 35. Rh4 a6 36. b4 Rg3 37. c3 Bc6 38. Rh7+ Ke6 39. Rh4 Rg2+
40. Ke3 Ra2 41. Kd4 Rxa3 42. Rh6+ Kd7 43. Rh7+ Kc8 44. Rh6 Kc7 45. Rh7+ Kb6 46.
Rh6 Ra1 47. c4 Rd1+ 48. Kc3 d5 49. cxd5 Rxd5 50. Kc4 Rg5 51. Rh4 Re5 52. Rh6
Re4+ 53. Kb3 a5 54. bxa5+ Kxa5 55. Rh5+ b5 56. Rc5 Re3+ 57. Kb2 Bg2 58. Rg5 Bf1
59. Rf5 Bc4 60. Rg5 Kb4 61. Rg4 Re2+ 62. Ka1 Kc3 63. Rg3+ Bd3 64. Rh3 b4 65.
Rh1 Rc2 66. Rb1 b3 0-1

[Event "Cappelle-la-Grande"]
[Site "Cappelle-la-Grande (FRA)"]
[Date "2013.02.23"]
[Round "1.188"]
[White "Godefroy, Philippe"]
[Black "Kramo, Sosthene"]
[Result "0-1"]
[WhiteElo "1800"]
[BlackElo "1969"]
[PlyCount "82"]
[EventDate "2013.??.??"]

1. f4 Nf6 2. Nf3 g6 3. d3 Bg7 4. e4 d6 5. Be2 O-O 6. O-O Nc6 7. c3 e5 8. fxe5
dxe5 9. Be3 h6 10. Nbd2 Qe7 11. b4 b6 12. Nc4 Ng4 13. Qd2 Nxe3 14. Nxe3 Be6 15.
b5 Na5 16. d4 Rad8 17. d5 Bc8 18. Rf2 f5 19. Qc2 f4 20. Nc4 Nxc4 21. Bxc4 Kh7
22. a4 g5 23. Nd2 g4 24. Qd3 h5 25. g3 Bh6 26. Raf1 h4 27. Bb3 Qc5 28. Kh1 hxg3
29. hxg3 fxg3 30. Qxg3 Bxd2 31. Rf7+ Rxf7 32. Rxf7+ Kg6 33. d6 Rh8+ 34. Kg2 Bf4
35. Rxf4 exf4 36. Qxf4 Qxc3 37. Qf7+ Kg5 38. Qd5+ Kh4 39. e5 Qg3+ 40. Kf1 Rf8+
41. Ke2 Rf2+ 0-1

[Event "Cappelle-la-Grande"]
[Site "Cappelle-la-Grande (FRA)"]
[Date "2013.02.24"]
[Round "2.3"]
[White "Popilski, Gil"]
[Black "Negi, Parimarjan"]
[Result "1/2-1/2"]
[WhiteElo "2518"]
[BlackElo "2638"]
[PlyCount "88"]
[EventDate "2013.??.??"]

1. e4 c5 2. Nf3 d6 3. d4 cxd4 4. Nxd4 Nf6 5. Nc3 a6 6. g3 e6 7. Bg2 Qc7 8. O-O
Be7 9. Be3 O-O 10. a4 Nc6 11. Nb3 b6 12. g4 Bb7 13. g5 Nd7 14. f4 Rfe8 15. Qh5
g6 16. Qh3 Bf8 17. Rf2 Na5 18. Raf1 Nc4 19. Bc1 Bg7 20. f5 Nde5 21. Rf4 Qd8 22.
Nd4 exf5 23. exf5 Qxg5 24. Ne4 Bxe4 25. Rxe4 Qd8 26. Rh4 h5 27. Bd5 Ra7 28. c3
Bf6 29. fxg6 Bxh4 30. gxf7+ Rxf7 31. Nc6 Qc8 32. Qxh4 Qg4+ 33. Qxg4+ hxg4 34.
Kg2 Ref8 35. b3 Nxc6 36. Bxc4 Ne5 37. Bxf7+ Rxf7 38. Rf4 b5 39. axb5 axb5 40.
Rd4 Rc7 41. Ba3 Rxc3 42. Bxd6 Rc2+ 43. Kg3 Rc3+ 44. Kg2 Rc2+ 1/2-1/2

[Event "Cappelle-la-Grande"]
[Site "Cappelle-la-Grande (FRA)"]
[Date "2013.02.24"]
[Round "2.13"]
[White "Fedorov, Alexei"]
[Black "Vedmediuc, Serghei"]
[Result "1-0"]
[WhiteElo "2576"]
[BlackElo "2472"]
[PlyCount "51"]
[EventDate "2013.??.??"]

1. e4 c6 2. d4 d5 3. e5 Bf5 4. c4 e6 5. Nc3 Nd7 6. a3 Ne7 7. c5 Qc7 8. Bd3 b6
9. b4 a5 10. Rb1 axb4 11. axb4 bxc5 12. bxc5 f6 13. exf6 Nxf6 14. Nge2 Ng6 15.
h4 Bxd3 16. Qxd3 e5 17. h5 exd4 18. Nb5 cxb5 19. hxg6 Bxc5 20. Qxb5+ Kf8 21.
Bf4 Qe7 22. Rc1 Re8 23. Kf1 Bd6 24. Bg5 h6 25. Nxd4 Qe4 26. Bxf6 1-0

[Event "Cappelle-la-Grande"]
[Site "Cappelle-la-Grande (FRA)"]
[Date "2013.02.24"]
[Round "2.14"]
[White "Danielian, Elina"]
[Black "Miezis, Normunds"]
[Result "1-0"]
[WhiteElo "2466"]
[BlackElo "2572"]
[PlyCount "61"]
[EventDate "2013.??.??"]

1. d4 Nf6 2. Nf3 e6 3. e3 b6 4. Bd3 Bb7 5. O-O c5 6. c4 Be7 7. Nc3 cxd4 8. exd4
d5 9. cxd5 Nxd5 10. Ne5 O-O 11. Qh5 g6 12. Qh3 Nxc3 13. bxc3 Nc6 14. Bh6 Re8
15. Bb5 Qc8 16. Rfe1 a6 17. Bxc6 Bxc6 18. c4 Bb7 19. Rab1 f6 20. Rxb6 Bd8 21.
Nxg6 hxg6 22. Rbxe6 Rxe6 23. Rxe6 Qd7 24. d5 Bc8 25. Qe3 Kf7 26. Qa3 Kg8 27.
Qf8+ Kh7 28. Re8 g5 29. Rxd8 Qb7 30. h4 gxh4 31. Qxf6 1-0

[Event "Cappelle-la-Grande"]
[Site "Cappelle-la-Grande (FRA)"]
[Date "2013.02.24"]
[Round "2.16"]
[White "Raznikov, Danny"]
[Black "Le Roux, Jean-Pierre"]
[Result "1/2-1/2"]
[WhiteElo "2463"]
[BlackElo "2564"]
[PlyCount "62"]
[EventDate "2013.??.??"]

1. d4 Nf6 2. c4 g6 3. Nc3 d5 4. Nf3 Bg7 5. Qb3 dxc4 6. Qxc4 O-O 7. e4 Na6 8.
Be2 c5 9. d5 e6 10. O-O exd5 11. exd5 Re8 12. Rd1 Qb6 13. a3 Bf5 14. Na4 Qd8
15. Nc3 Ne4 16. Be3 Nd6 17. Qf4 Bxc3 18. bxc3 Re4 19. Qg3 Rg4 20. Qh3 h5 21. g3
Ne4 22. Qf1 Nxc3 23. Rd2 Nxe2+ 24. Qxe2 Ra4 25. Qb5 Bd7 26. Qb2 Qb6 27. Qc3 Qa5
28. Qf6 Qd8 29. Qc3 Qa5 30. Qf6 Qd8 31. Qc3 Qa5 1/2-1/2

[Event "Cappelle-la-Grande"]
[Site "Cappelle-la-Grande (FRA)"]
[Date "2013.02.24"]
[Round "2.18"]
[White "Drasko, Milan"]
[Black "Kovacevic, Aleksandar"]
[Result "0-1"]
[WhiteElo "2459"]
[BlackElo "2563"]
[PlyCount "58"]
[EventDate "2013.??.??"]

1. d4 Nf6 2. c4 e6 3. Nc3 c5 4. d5 exd5 5. cxd5 d6 6. Nf3 g6 7. g3 Bg7 8. Bg2
O-O 9. O-O Re8 10. a4 Ne4 11. Nxe4 Rxe4 12. Nd2 Rb4 13. Ra2 b5 14. axb5 Nd7 15.
Ne4 Nf6 16. Nc3 Bd7 17. e4 Bxb5 18. Nxb5 Rxb5 19. e5 dxe5 20. d6 e4 21. Bf4 Qb6
22. Qc2 Rd8 23. Rd1 Nh5 24. Bf1 Rb4 25. Ra6 Rxb2 26. Qxe4 Qb3 27. d7 Qxd1 28.
Qe8+ Bf8 29. Rd6 Qf3 0-1

[Event "Cappelle-la-Grande"]
[Site "Cappelle-la-Grande (FRA)"]
[Date "2013.02.24"]
[Round "2.19"]
[White "Ter-Sahakyan, Samvel"]
[Black "Sepp, Olav"]
[Result "1/2-1/2"]
[WhiteElo "2563"]
[BlackElo "2453"]
[PlyCount "91"]
[EventDate "2013.??.??"]

1. e4 e5 2. Nf3 Nc6 3. Bb5 Nf6 4. d3 d6 5. c3 Be7 6. O-O O-O 7. Re1 a6 8. Ba4
b5 9. Bc2 Re8 10. Nbd2 Bf8 11. Nf1 h6 12. d4 Bg4 13. d5 Ne7 14. Ne3 Bd7 15. b3
c5 16. a3 Ng4 17. c4 Nxe3 18. Bxe3 Ng6 19. g3 Bg4 20. Kg2 Qd7 21. Bd2 Be7 22.
Bd3 Rf8 23. Qe2 Rab8 24. Bc3 Bg5 25. Bc2 Rbe8 26. Qd3 f5 27. Nxg5 hxg5 28. exf5
e4 29. Rxe4 Bxf5 30. Rae1 Ne5 31. Qd1 Bxe4+ 32. Rxe4 Qf7 33. Qe2 g4 34. Rf4 Qh5
35. Rxf8+ Kxf8 36. Bxe5 Rxe5 37. Qd2 Qh3+ 38. Kg1 Qh6 39. Qd1 Qg5 40. Bd3 bxc4
41. bxc4 Re7 42. Kg2 g6 43. Qc2 Qf6 44. Qd1 Qg5 45. Qc2 Qf6 46. Qd1 1/2-1/2

[Event "Cappelle-la-Grande"]
[Site "Cappelle-la-Grande (FRA)"]
[Date "2013.02.24"]
[Round "2.20"]
[White "Abergel, Thal"]
[Black "Papin, Vasily"]
[Result "0-1"]
[WhiteElo "2445"]
[BlackElo "2562"]
[PlyCount "54"]
[EventDate "2013.??.??"]

1. e4 c5 2. Nc3 e6 3. Nf3 a6 4. d4 cxd4 5. Nxd4 Qc7 6. Bd3 g6 7. f4 d6 8. Nf3
Bg7 9. O-O Nf6 10. Qe1 Nbd7 11. Qh4 b5 12. f5 gxf5 13. exf5 e5 14. Be4 Bb7 15.
Bxb7 Qxb7 16. Re1 Rc8 17. Qb4 Bf8 18. Bg5 Rc4 19. Qa5 Rg8 20. Rad1 Be7 21. Kh1
Rg4 22. Bxf6 Nxf6 23. Re2 Rxg2 24. Rxg2 Qxf3 25. Rdg1 Rxg2 26. Rxg2 Ng4 27. Kg1
Bg5 0-1

[Event "Cappelle-la-Grande"]
[Site "Cappelle-la-Grande (FRA)"]
[Date "2013.02.24"]
[Round "2.21"]
[White "Petkov, Vladimir"]
[Black "Bailet, Pierre"]
[Result "1-0"]
[WhiteElo "2559"]
[BlackElo "2440"]
[PlyCount "39"]
[EventDate "2013.??.??"]

1. d4 Nf6 2. c4 g6 3. Nc3 Bg7 4. e4 O-O 5. h3 d6 6. Bg5 Qe8 7. Nf3 e5 8. dxe5
dxe5 9. Nd5 Nxd5 10. cxd5 f5 11. Rc1 Qf7 12. Be3 Kh8 13. Ng5 Qe7 14. h4 b6 15.
Qc2 Na6 16. a3 h6 17. Qc6 f4 18. Qxg6 hxg5 19. hxg5+ Kg8 20. d6 1-0

[Event "Cappelle-la-Grande"]
[Site "Cappelle-la-Grande (FRA)"]
[Date "2013.02.24"]
[Round "2.22"]
[White "Dumitrache, Dragos-Nicolae"]
[Black "Borovikov, Vladislav"]
[Result "1/2-1/2"]
[WhiteElo "2440"]
[BlackElo "2557"]
[PlyCount "34"]
[EventDate "2013.??.??"]

1. d4 d5 2. c4 c6 3. Nf3 Nf6 4. e3 a6 5. Bd3 Bg4 6. Nbd2 e6 7. O-O Nbd7 8. b3
c5 9. Bb2 Be7 10. Rc1 Bh5 11. Qc2 cxd4 12. exd4 dxc4 13. bxc4 Bg6 14. Bxg6 hxg6
15. Rfd1 Qc7 16. Nf1 O-O 17. Ne3 b6 1/2-1/2

[Event "Cappelle-la-Grande"]
[Site "Cappelle-la-Grande (FRA)"]
[Date "2013.02.24"]
[Round "2.24"]
[White "Mladenov, Plamen"]
[Black "Eingorn, Vereslav S"]
[Result "1/2-1/2"]
[WhiteElo "2421"]
[BlackElo "2547"]
[PlyCount "40"]
[EventDate "2013.??.??"]

1. d4 e6 2. c4 Bb4+ 3. Nc3 c5 4. e3 Nc6 5. Nf3 Bxc3+ 6. bxc3 d6 7. Bd3 e5 8.
O-O Nge7 9. Be4 Qc7 10. Bd5 O-O 11. h3 Na5 12. dxe5 dxe5 13. e4 Nxd5 14. cxd5
f6 15. Nd2 b6 16. c4 Ba6 17. Qc2 Rae8 18. Bb2 Bc8 19. Nb3 Nb7 20. Rae1 Nd6
1/2-1/2

[Event "Cappelle-la-Grande"]
[Site "Cappelle-la-Grande (FRA)"]
[Date "2013.02.24"]
[Round "2.25"]
[White "Skytte, Rasmus"]
[Black "Arutinian, David"]
[Result "1/2-1/2"]
[WhiteElo "2419"]
[BlackElo "2545"]
[PlyCount "50"]
[EventDate "2013.??.??"]

1. d4 Nf6 2. c4 e6 3. Nf3 d5 4. Nc3 Bb4 5. cxd5 exd5 6. Bg5 h6 7. Bh4 g5 8. Bg3
Ne4 9. Nd2 Nxg3 10. hxg3 c6 11. e3 Be6 12. a3 Bd6 13. Be2 Nd7 14. Qc2 Qe7 15.
e4 dxe4 16. Ndxe4 Bc7 17. O-O-O Nb6 18. Nc5 O-O-O 19. Nxe6 fxe6 20. Bg4 Kb8 21.
Rhe1 Qg7 22. Rxe6 Rxd4 23. Rxd4 Qxd4 24. Qe4 Qd8 25. Bf5 a6 1/2-1/2

[Event "Cappelle-la-Grande"]
[Site "Cappelle-la-Grande (FRA)"]
[Date "2013.02.24"]
[Round "2.28"]
[White "Piscopo, Pierluigi"]
[Black "Kharitonov, Alexandr"]
[Result "0-1"]
[WhiteElo "2403"]
[BlackElo "2536"]
[PlyCount "48"]
[EventDate "2013.??.??"]

1. e4 c6 2. d4 d5 3. exd5 cxd5 4. c4 Nf6 5. Nc3 Nc6 6. Nf3 Be6 7. c5 g6 8. Bb5
Bg7 9. O-O O-O 10. h3 Ne4 11. Re1 Qa5 12. Bxc6 Nxc3 13. bxc3 bxc6 14. Bd2 Rfe8
15. Rxe6 fxe6 16. Qe2 e5 17. Nxe5 Qc7 18. Bf4 Qc8 19. Re1 Rb8 20. Nxg6 hxg6 21.
Bxb8 Qxb8 22. Qe6+ Kh7 23. Qxc6 e5 24. g3 Rf8 0-1

[Event "Cappelle-la-Grande"]
[Site "Cappelle-la-Grande (FRA)"]
[Date "2013.02.24"]
[Round "2.29"]
[White "Manolache, Marius"]
[Black "Sequera Paolini, Jose"]
[Result "1-0"]
[WhiteElo "2533"]
[BlackElo "2396"]
[PlyCount "83"]
[EventDate "2013.??.??"]

1. d4 e6 2. c4 f5 3. Nf3 Nf6 4. g3 c6 5. Bg2 Be7 6. O-O O-O 7. Ne5 d6 8. Nd3
Nbd7 9. b3 Qc7 10. Nc3 e5 11. e3 Rd8 12. Bb2 Nf8 13. d5 Ng6 14. Ne2 h5 15. Rc1
h4 16. b4 hxg3 17. hxg3 Bd7 18. Qb3 a5 19. c5 cxd5 20. Nc3 a4 21. Bxd5+ Nxd5
22. Qxd5+ Kf8 23. Qf3 Bf6 24. Nd5 Qc6 25. cxd6 Qxd6 26. Nxf6 gxf6 27. Nc5 Qc6
28. Qxc6 Bxc6 29. Ne6+ Ke7 30. Nxd8 Rxd8 31. f3 Rd3 32. Rc3 Rd2 33. Rf2 Rd1+
34. Rf1 Rd2 35. Rf2 Rd1+ 36. Kg2 f4 37. exf4 exf4 38. Rc5 fxg3 39. Kxg3 Rg1+
40. Kh2 Rb1 41. b5 Bxf3 42. Ba3 1-0

[Event "Cappelle-la-Grande"]
[Site "Cappelle-la-Grande (FRA)"]
[Date "2013.02.24"]
[Round "2.31"]
[White "Castellanos Rodrigue, Renier"]
[Black "Nakar, Eylon"]
[Result "1/2-1/2"]
[WhiteElo "2529"]
[BlackElo "2385"]
[PlyCount "45"]
[EventDate "2013.??.??"]

1. e4 c5 2. Nf3 d6 3. d4 cxd4 4. Nxd4 Nf6 5. Nc3 a6 6. Bg5 e6 7. f4 h6 8. Bh4
Qb6 9. Bxf6 gxf6 10. Qd2 Qxb2 11. Nb3 Qa3 12. Be2 h5 13. O-O Nd7 14. f5 Be7 15.
Kh1 Ne5 16. Qe3 Bd7 17. Nb1 Qa4 18. c4 Rc8 19. N1d2 h4 20. h3 Qa3 21. Nb1 Qa4
22. N1d2 Qa3 23. Nb1 1/2-1/2

[Event "Cappelle-la-Grande"]
[Site "Cappelle-la-Grande (FRA)"]
[Date "2013.02.24"]
[Round "2.32"]
[White "Loiseau, Quentin"]
[Black "Lagarde, Maxime"]
[Result "1/2-1/2"]
[WhiteElo "2374"]
[BlackElo "2529"]
[PlyCount "44"]
[EventDate "2013.??.??"]

1. d4 Nf6 2. c4 e6 3. g3 Bb4+ 4. Bd2 a5 5. Bg2 d6 6. e3 e5 7. Ne2 c6 8. O-O e4
9. d5 O-O 10. Nbc3 Re8 11. a3 Bxc3 12. Bxc3 c5 13. h3 Nbd7 14. g4 h5 15. g5 Nh7
16. h4 Ne5 17. Bxe4 Bh3 18. Ng3 Bxf1 19. Bxh7+ Kxh7 20. Qxh5+ Kg8 21. Rxf1 Qd7
22. Kg2 Nxc4 1/2-1/2

[Event "Cappelle-la-Grande"]
[Site "Cappelle-la-Grande (FRA)"]
[Date "2013.02.24"]
[Round "2.33"]
[White "Baryshpolets, Andrey"]
[Black "Shirazi, Kamran"]
[Result "1-0"]
[WhiteElo "2526"]
[BlackElo "2373"]
[PlyCount "59"]
[EventDate "2013.??.??"]

1. d4 Nf6 2. c4 b6 3. f3 e6 4. e4 Bb4+ 5. Bd2 Bxd2+ 6. Qxd2 O-O 7. Nc3 c5 8.
Nge2 Ba6 9. b3 d6 10. Rd1 Nbd7 11. d5 exd5 12. Nxd5 Ne8 13. Ng3 Ne5 14. Be2 Bb7
15. O-O Nc6 16. Ne3 a5 17. Nc2 Nb4 18. Nxb4 axb4 19. e5 g6 20. f4 Ng7 21. Qb2
Ne6 22. Rxd6 Qe7 23. Bf3 Bxf3 24. Rxf3 f5 25. Ne2 Rfd8 26. Rfd3 Nd4 27. Nxd4
cxd4 28. Qxd4 Rxd6 29. Qxd6 Qxd6 30. Rxd6 1-0

[Event "Cappelle-la-Grande"]
[Site "Cappelle-la-Grande (FRA)"]
[Date "2013.02.24"]
[Round "2.34"]
[White "Lorscheid, Gerhard"]
[Black "Kunin, Vitaly"]
[Result "0-1"]
[WhiteElo "2264"]
[BlackElo "2525"]
[PlyCount "64"]
[EventDate "2013.??.??"]

1. d4 d5 2. c4 e6 3. Nc3 c6 4. e3 Bd6 5. Bd2 Nf6 6. Bd3 O-O 7. c5 Bc7 8. f4 b6
9. b4 a5 10. a3 Ba6 11. Bxa6 Nxa6 12. cxb6 Bxb6 13. b5 cxb5 14. Nxb5 Ne4 15.
Nf3 Nc7 16. Rb1 Nxb5 17. Rxb5 Nd6 18. Rb1 a4 19. Bb4 Ba5 20. O-O Bxb4 21. Rxb4
Nc4 22. Qd3 Qc7 23. Ne5 Nd6 24. Rfb1 f6 25. Nf3 Rfc8 26. Rb6 Rab8 27. Rxb8 Rxb8
28. h3 Rxb1+ 29. Qxb1 h6 30. Kh2 Nc4 31. Qc2 Qd7 32. e4 Nxa3 0-1

[Event "Cappelle-la-Grande"]
[Site "Cappelle-la-Grande (FRA)"]
[Date "2013.02.24"]
[Round "2.36"]
[White "Kravtsiv, Martyn"]
[Black "Caprio, Guido"]
[Result "1-0"]
[WhiteElo "2597"]
[BlackElo "2402"]
[PlyCount "107"]
[EventDate "2013.??.??"]

1. e4 e5 2. Nf3 Nc6 3. Nc3 Nf6 4. d4 exd4 5. Nxd4 Bb4 6. Nxc6 bxc6 7. Bd3 O-O
8. O-O d5 9. exd5 cxd5 10. h3 c6 11. Qf3 Bd6 12. Ne2 Re8 13. Rd1 Nd7 14. Bf4
Ne5 15. Qg3 Nxd3 16. cxd3 Bf8 17. Nc3 d4 18. Ne4 Bf5 19. Bc7 Qe7 20. Bd6 Qe6
21. Bxf8 Rxf8 22. Re1 Rfe8 23. Qc7 Qg6 24. Ng3 Rec8 25. Qe5 Bxd3 26. Qxd4 c5
27. Qd5 c4 28. Re7 h6 29. Rae1 Rab8 30. Qd4 Qb6 31. Qd5 Qg6 32. b3 c3 33. Rd7
c2 34. Rc1 Bb5 35. Rd6 Qh7 36. Nf5 Kh8 37. Ne3 Rc3 38. Rd8+ Rxd8 39. Qxd8+ Qg8
40. Qa5 Rxe3 41. fxe3 Bd3 42. Qxa7 Qe8 43. Qd4 Be4 44. Qd2 f5 45. Rxc2 Bxc2 46.
Qxc2 Qxe3+ 47. Qf2 Qd3 48. Kh2 Qd6+ 49. Qg3 Qa3 50. Qb8+ Kh7 51. Qe5 Qxa2 52.
Qxf5+ Kh8 53. Qc8+ Kh7 54. Qb8 1-0